3 Characters (Animated Edition) Quiz Stats

 Plays Quiz Updated Mar 27, 2016

Challenge
Share
Tweet
Embed
Score 0/30 Timer 08:00
4 Plays Today
% Correct
Shrek
96.4%
Toy Story 2
95.6%
Aladdin
95.3%
The Jungle Book
94.7%
Snow White and the Seven Dwarfs
94.5%
The SpongeBob SquarePants Movie
94.4%
Frozen
93.4%
Alice in Wonderland
93.4%
Bambi
90.9%
Kung Fu Panda
90.9%
Peter Pan
90.9%
Despicable Me
89.2%
Pinocchio
86.4%
Pocahontas
86.3%
The Aristocats
86.1%
% Correct
Wreck-It Ralph
85.5%
The Nightmare Before Christmas
85.5%
Ratatouille
85.1%
Hotel Transylvania
82%
The Incredibles
81.7%
Monsters University
78.9%
Charlotte's Web
77.5%
Anastasia
73.4%
The Land Before Time
71.4%
The Road to El Dorado
69.6%
The Fox and the Hound
66.8%
How to Train Your Dragon
66.6%
The Brave Little Toaster
65.2%
Cloudy with a Chance of Meatballs
58.4%
Watership Down
55.8%

You're not logged in!

Compare scores with friends on all Sporcle quizzes.
OR
Log In

You Might Also Like...

Show Comments

Extras

Top Quizzes Today


Score Distribution

Your Account Isn't Verified!

In order to create a playlist on Sporcle, you need to verify the email address you used during registration. Go to your Sporcle Settings to finish the process.

Report this User

Report this user for behavior that violates our Community Guidelines.

Details: